<?xml version="1.0" encoding="UTF-8"?><?xml-stylesheet type="text/xsl" href="static/style.xsl"?><OAI-PMH xmlns="http://www.openarchives.org/OAI/2.0/" xmlns:xsi="http://www.w3.org/2001/XMLSchema-instance" xsi:schemaLocation="http://www.openarchives.org/OAI/2.0/ http://www.openarchives.org/OAI/2.0/OAI-PMH.xsd"><responseDate>2026-04-17T11:27:33Z</responseDate><request verb="GetRecord" identifier="oai:www.recercat.cat:20.500.12328/3536" metadataPrefix="marc">https://recercat.cat/oai/request</request><GetRecord><record><header><identifier>oai:recercat.cat:20.500.12328/3536</identifier><datestamp>2025-05-16T12:47:15Z</datestamp><setSpec>com_2072_67741</setSpec><setSpec>col_2072_484352</setSpec></header><metadata><record xmlns="http://www.loc.gov/MARC21/slim" xmlns:dcterms="http://purl.org/dc/terms/" xmlns:xsi="http://www.w3.org/2001/XMLSchema-instance" xmlns:doc="http://www.lyncode.com/xoai" xsi:schemaLocation="http://www.loc.gov/MARC21/slim http://www.loc.gov/standards/marcxml/schema/MARC21slim.xsd">
   <leader>00925njm 22002777a 4500</leader>
   <datafield ind2=" " ind1=" " tag="042">
      <subfield code="a">dc</subfield>
   </datafield>
   <datafield ind2=" " ind1=" " tag="720">
      <subfield code="a">Monje, Alberto</subfield>
      <subfield code="e">author</subfield>
   </datafield>
   <datafield ind2=" " ind1=" " tag="720">
      <subfield code="a">Pons, Ramón</subfield>
      <subfield code="e">author</subfield>
   </datafield>
   <datafield ind2=" " ind1=" " tag="720">
      <subfield code="a">Vilarrasa, Javi</subfield>
      <subfield code="e">author</subfield>
   </datafield>
   <datafield ind2=" " ind1=" " tag="720">
      <subfield code="a">Nart, José</subfield>
      <subfield code="e">author</subfield>
   </datafield>
   <datafield ind2=" " ind1=" " tag="720">
      <subfield code="a">Wang, Hom-Lay</subfield>
      <subfield code="e">author</subfield>
   </datafield>
   <datafield ind2=" " ind1=" " tag="260">
      <subfield code="c">2022</subfield>
   </datafield>
   <datafield ind2=" " ind1=" " tag="520">
      <subfield code="a">Background: he objective of this trial was to investigate the clinical and radiographic significance of using a mixture of mineralized and demineralized allografts in combination (M) or not (NM) with a resorbable cross-linked barrier membrane in the reconstructive therapy of peri-implantitis defects. Methods: A two-arm randomized clinical trial was performed in patients diagnosed with peri-implantitis that exhibited contained defects. Clinical parameters were recorded at baseline (T0), 6 months (T1), and 12 months (T2). Radiographic parameters were recorded at T0 and T2. A composite criterion for disease resolution was defined a priori. A generalized linear model of repeated measures with generalized estimation equation statistical methods was used. Results: Overall, 33 patients (nimplants = 48) completed the study. At T2, mean disease resolution was 77.1%. The use of a barrier membrane did not enhance the probability of disease resolution at T2 (odds ratio [OR] = 1.55, p = 0.737). Conversely, the odds of disease resolution were statistically associated with the modified plaque index recorded at T0 (OR = 0.13, p = 0.006) and keratinized mucosa width (OR = 2.10, p = 0.035). Moreover, women exhibited greater odds to show disease resolution (OR = 5.56, p = 0.02). Conclusion: Reconstructive therapy by means of a mixture of mineralized and demineralized allografts is effective in clinically resolving peri-implantitis and in gaining radiographic marginal bone level. The addition of a barrier membrane to reconstructive therapy of peri-implantitis does not seem to enhance the outcomes of contained bone defects (NCT05282667).</subfield>
   </datafield>
   <datafield ind1="8" ind2=" " tag="024">
      <subfield code="a">Monje, Alberto; Pons, Ramón; Vilarrasa, Javi [et al.]. Significance of barrier membrane on the reconstructive therapy of peri-implantitis: a randomized controlled trial. Journal of Periodontology, 2022, p. 1-13. Disponible en: &lt;https://aap.onlinelibrary.wiley.com/doi/10.1002/JPER.22-0511>. Fecha de acceso: 17 ene. 2023. DOI: 10.1002/JPER.22-0511</subfield>
   </datafield>
   <datafield ind1="8" ind2=" " tag="024">
      <subfield code="a">1943-3670</subfield>
   </datafield>
   <datafield ind1="8" ind2=" " tag="024">
      <subfield code="a">http://hdl.handle.net/20.500.12328/3536</subfield>
   </datafield>
   <datafield ind1="8" ind2=" " tag="024">
      <subfield code="a">https://dx.doi.org/10.1002/JPER.22-0511</subfield>
   </datafield>
   <datafield tag="653" ind2=" " ind1=" ">
      <subfield code="a">Materials biocompatibles</subfield>
   </datafield>
   <datafield tag="653" ind2=" " ind1=" ">
      <subfield code="a">Implants dentals</subfield>
   </datafield>
   <datafield tag="653" ind2=" " ind1=" ">
      <subfield code="a">Mandíbula</subfield>
   </datafield>
   <datafield tag="653" ind2=" " ind1=" ">
      <subfield code="a">Periimplantitis</subfield>
   </datafield>
   <datafield tag="653" ind2=" " ind1=" ">
      <subfield code="a">Regeneració</subfield>
   </datafield>
   <datafield tag="653" ind2=" " ind1=" ">
      <subfield code="a">Cicatrització de ferides</subfield>
   </datafield>
   <datafield tag="653" ind2=" " ind1=" ">
      <subfield code="a">Materiales biocompatibles</subfield>
   </datafield>
   <datafield tag="653" ind2=" " ind1=" ">
      <subfield code="a">Implantes dentales</subfield>
   </datafield>
   <datafield tag="653" ind2=" " ind1=" ">
      <subfield code="a">Mandíbula</subfield>
   </datafield>
   <datafield tag="653" ind2=" " ind1=" ">
      <subfield code="a">Periimplantitis</subfield>
   </datafield>
   <datafield tag="653" ind2=" " ind1=" ">
      <subfield code="a">Regeneración</subfield>
   </datafield>
   <datafield tag="653" ind2=" " ind1=" ">
      <subfield code="a">Cicatrización de heridas</subfield>
   </datafield>
   <datafield tag="653" ind2=" " ind1=" ">
      <subfield code="a">Biocompatible materials</subfield>
   </datafield>
   <datafield tag="653" ind2=" " ind1=" ">
      <subfield code="a">Dental implants</subfield>
   </datafield>
   <datafield tag="653" ind2=" " ind1=" ">
      <subfield code="a">Jaw</subfield>
   </datafield>
   <datafield tag="653" ind2=" " ind1=" ">
      <subfield code="a">Peri-implantitis</subfield>
   </datafield>
   <datafield tag="653" ind2=" " ind1=" ">
      <subfield code="a">Regeneration</subfield>
   </datafield>
   <datafield tag="653" ind2=" " ind1=" ">
      <subfield code="a">Wound healing</subfield>
   </datafield>
   <datafield ind2="0" ind1="0" tag="245">
      <subfield code="a">Significance of barrier membrane on the reconstructive therapy of peri-implantitis: a randomized controlled trial</subfield>
   </datafield>
</record></metadata></record></GetRecord></OAI-PMH>